Nelson. Tratado de Pediatría. T.1. (Registro nro. 473)

Detalles MARC
000 -LEADER
fixed length control field 00734 am a2200241 a 4500
005 - FECHA ULTIMA MODIFICACION
control field 20220913183244.0
008 - CAMPO DE CONTROL (LIBRO)
fixed length control field 100702s2001||||mx a f |||| 001 0 spa d
020 ## - INTERNATIONAL STANDARD BOOK NUMBER
ISBN 9701033884
041 ## - CODIGO DE IDIOMA
Código de idioma del texto/pista de sonido o título separado spa
092 ## - SIGNATURA TOPOGRAFICA DEWEY LOCAL
número de clasificación 618.92
libristica 6
sección BEH
100 1# - ENTRADA PRINCIPAL--NOMBRE PERSONAL
Nombre personal Behrman, Richard E.
9 (RLIN) 5
245 ## - TITULO PROPIAMENTE DICHO
Título Nelson. Tratado de Pediatría. T.1.
Mención de responsabilidad y remanente de la transcripción de la portada Behrman, Richard E.
Número de la parte/sección de la obra T.1.
250 ## - MENCION DE EDICION
Mención de edición 16a ed.
Mención de responsabilidad relacionada con la ed. Revisión Técnica Angel Hernando Saudan ; María Jesús del Sol Jaquotot y Elena de Terán Bleiberg
260 ## - PIE DE IMPRENTA
Lugar de publicación, distribución, etc México :
Nombre de la editorial, distribuidor, etc McGraw-Hill Interamericana,
Fecha de publicación 2001.
300 ## - DESCRIPCION FISICA
Extension 1-1352 p.
590 ## - NOTAS LOCALES (RLIN)
Nota local Baja 2017
653 ## - TÉRMINO INDIZADO - PALABRAS CLAVES
Palabra clave Pediatría
700 1# - ENTRADAS SECUNDARIAS - NOMBRE PERSONAL
Nombre personal Kliegman, Robert M.
9 (RLIN) 4
700 1# - ENTRADAS SECUNDARIAS - NOMBRE PERSONAL
Nombre personal Jenson, Hal B.
9 (RLIN) 6
930 ## - NUMERO DE INVENTARIO
Número de inventario 891
930 ## - NUMERO DE INVENTARIO
Número de inventario 893
942 ## - ADDED ENTRY ELEMENTS (KOHA)
Source of classification or shelving scheme Dewey Decimal Classification
Item type Libros
Existencias
Estado de retiro Existencia Fuente de clasificación Estado general Uso restringido No para prestamo Ubicación permanente ubicación actual Sala de ubicación Fecha de adquisición Total Checkouts Número de clasificación Código de barras Date last seen Número de ejemplar Price effective from Koha tipo de elemento (item) Public note Coded location qualifier
    Dewey Decimal Classification   Restricted Access Not For Loan Biblioteca Medicina Biblioteca Medicina Circulación 13/05/2011   618.92 6 BEH 891 06/11/2014 ej.3 13/05/2011 Libros Baja 2017 (Caja 8)  
    Dewey Decimal Classification   Restricted Access Not For Loan Biblioteca Medicina Biblioteca Medicina Circulación 13/05/2011   618.92 6 BEH 893 06/11/2014 ej.4 13/05/2011 Libros Baja 2017 (Caja 10)  

UNIVERSIDAD NACIONAL DEL COMAHUE
Biblioteca de la Facultad de Ciencias Médicas
Sede Toschi: Los Arrayanes y Av. Toschi, Cipolletti  - Rio Negro
Sede Los Tordos:  Yrigoyen al 2211, Cipolletti - Rio Negro 

Teléfono: 0299 - 4774707 int 25
Contacto: biblioteca@facimed.uncoma.edu.ar
© 2011 - 2026